Musgos de soledad y silencio : (Registro nro. 34318)
[ vista simple ]
| 000 -CABECERA | |
|---|---|
| campo de control de longitud fija | 00430nam a2200145 a 4500 |
| 001 - NÚMERO DE CONTROL | |
| campo de control | 000034827 |
| 005 - FECHA Y HORA DE LA ÚLTIMA TRANSACCIÓN | |
| campo de control | 20200930073928.0 |
| 008 - DATOS DE LONGITUD FIJA--INFORMACIÓN GENERAL | |
| campo de control de longitud fija | 111020s1990 pr r 000 0 spa d |
| 040 ## - FUENTE DE LA CATALOGACIÓN | |
| Centro catalogador/agencia de origen | DO-SdBNP |
| Lengua de catalogación | spa |
| Centro/agencia transcriptor | BNPHU |
| 082 ## - NÚMERO DE LA CLASIFICACIÓN DECIMAL DEWEY | |
| Número de clasificación | xxxx |
| Número de documento/Ítem | N841m |
| 100 1# - ENTRADA PRINCIPAL--NOMBRE DE PERSONA | |
| Nombre de persona | Noriega, Carlos |
| 9 (RLIN) | 60347 |
| 245 10 - MENCIÓN DE TÍTULO | |
| Título | Musgos de soledad y silencio : |
| Resto del título | (Poemario) / |
| Mención de responsabilidad, etc. | Carlos Noriega. |
| 260 ## - PUBLICACIÓN, DISTRIBUCIÓN, ETC. | |
| Lugar de publicación, distribución, etc. | San Juan, Puerto Rico : |
| Nombre del editor, distribuidor, etc. | [s.n.], |
| Fecha de publicación, distribución, etc. | 1990. |
| 300 ## - DESCRIPCIÓN FÍSICA | |
| Extensión | 137 p. ; |
| Dimensiones | 23 cm. |
| Estado de retiro | Estado de pérdida | Restricciones de uso | No para préstamo | Código de colección | Localización permanente | Ubicación/localización actual | Ubicación en estantería | Fecha de adquisición | Número de inventario | Total de préstamos | Signatura topográfica completa | Código de barras | Fecha visto por última vez | Número de copia | Precio válido a partir de | Tipo de ítem Koha | Nota pública |
|---|---|---|---|---|---|---|---|---|---|---|---|---|---|---|---|---|---|
| Monografías: Libros y Folletos | General | General | Depósito | 30.05.2019 | LF1 | xxxx N841m | 34827-30 | 25.06.2020 | e. 3 | 25.06.2020 | Préstamo en sala | Perteneció a la biblioteca personal de Chiqui Vicioso/Fidelio Despradel. | |||||
| Excluido de préstamo | Monografías: Libros y Folletos | Patrimonio Dominicano | Patrimonio Dominicano | Depósito | 20.10.2011 | LF1 | xxxx N841m | 34827-10 | 25.06.2020 | 25.06.2020 | No se presta | Perteneció a la biblioteca personal de Juan Isidro Jimenes- Grullón | |||||
| Excluido de préstamo | Monografías: Libros y Folletos | Patrimonio Dominicano | Patrimonio Dominicano | Depósito | 16.06.2015 | LF1 | xxxx N841m | 34827-20 | 25.06.2020 | e. 2 | 25.06.2020 | No se presta | Perteneció a la biblioteca personal de Erick Landestoy. |
